[Event "Remote 4 Seasons Spring email"]
[Site "Remote email"]
[Date "2014.04.15"]
[Round "?"]
[White "Dickl, Errol"]
[Black "Phillipps, Siegfried"]
[Result "1-0"]
[WhiteElo "2369"]
[BlackElo "2201"]
[PlyCount "81"]
[EventDate "2014.??.??"]
[EventType "tourn (corr)"]
[EventRounds "11"]
[EventCountry "GER"]
[SourceTitle "Corr 2015"]
[Source "ChessBase"]
[SourceDate "2015.07.17"]
[SourceVersion "1"]
[SourceVersionDate "2015.07.17"]
[SourceQuality "1"]

1. e4 e5 2. Nf3 Nf6 3. d4 Nxe4 4. Bd3 d5 5. Nxe5 Nd7 6. Nxd7 Bxd7 7. 0-0 Bd6 8. c4 c6 9. Nc3 Nxc3 10. bxc3 0-0 11. cxd5 cxd5 12. Qh5 f5 13. Qf3 Kh8 14. Bd2 Qc7 15. h3 Qa5 16. Rfe1 Rae8 17. a4 g6 18. h4 a6 19. Rxe8 Bxe8 20. h5 Qd8 21. Re1 Kg7 22. h6+ Kh8 23. Bf4 Qc7 24. Be5+ Bxe5 25. Rxe5 Bc6 26. Qg3 f4 27. Qg5 Qd6 28. a5 Qf6 29. Qxf6+ Rxf6 30. Re7 Kg8 31. Rg7+ Kh8 32. Kh2 Rd6 33. Kh3 Rd8 34. Kg4 Rf8 35. Rc7 Rd8 36. Kxf4 Kg8 37. Kg5 Be8 38. Rg7+ Kh8 39. Rxb7 Ra8 40. Bxa6 Rxa6 41. Rb8 1-0

[Event "Remote S5E No Engine email"]
[Site "Remote email"]
[Date "2014.02.27"]
[Round "?"]
[White "Tortoza, Carlos Alberto"]
[Black "Phillipps, Siegfried"]
[Result "0-1"]
[WhiteElo "1560"]
[BlackElo "2112"]
[PlyCount "40"]
[EventDate "2014.??.??"]
[EventType "tourn (corr)"]
[EventRounds "6"]
[EventCountry "GER"]
[SourceTitle "Corr 2015"]
[Source "ChessBase"]
[SourceDate "2015.07.17"]
[SourceVersion "1"]
[SourceVersionDate "2015.07.17"]
[SourceQuality "1"]

1. c4 e5 2. a3 Nf6 3. d3 Nc6 4. Nc3 d5 5. cxd5 Nxd5 6. Nxd5 Qxd5 7. e4 Qa5+ 8. Bd2 Qb6 9. Nf3 Bc5 10. b4 Bxf2+ 11. Ke2 Bg4 12. h3 Bxf3+ 13. gxf3 Bg1 14. Qe1 Nd4+ 15. Kd1 Qe6 16. Qg3 Qb3+ 17. Ke1 Nc2+ 18. Ke2 0-0-0 19. Rc1 Qxd3+ 20. Kd1 Qxd2# 0-1

[Event "Remote S7E Basic-74 email"]
[Site "Remote email"]
[Date "2014.02.20"]
[Round "?"]
[White "Phillipps, Siegfried"]
[Black "Biskopp, Wolf Ulrich"]
[Result "0-1"]
[WhiteElo "2201"]
[BlackElo "2564"]
[PlyCount "70"]
[EventDate "2014.??.??"]
[EventType "tourn (corr)"]
[EventRounds "6"]
[EventCountry "GER"]
[SourceTitle "Corr 2015"]
[Source "ChessBase"]
[SourceDate "2015.07.17"]
[SourceVersion "1"]
[SourceVersionDate "2015.07.17"]
[SourceQuality "1"]

1. e4 c5 2. Nf3 d6 3. d4 cxd4 4. Nxd4 Nf6 5. Nc3 a6 6. Bg5 e6 7. f4 Qb6 8. Nb3 Be7 9. Qf3 Nbd7 10. 0-0-0 Qc7 11. Kb1 b5 12. a3 Bb7 13. Bd3 h6 14. Bxf6 Nxf6 15. g3 Rc8 16. Rhf1 Qb6 17. g4 Rxc3 18. bxc3 Nd7 19. c4 bxc4 20. Bxc4 0-0 21. Bd3 Rc8 22. g5 hxg5 23. fxg5 Ne5 24. Qf2 Qc7 25. h4 d5 26. exd5 Bxd5 27. Bxa6 Ra8 28. Bb5 Bxa3 29. Rxd5 exd5 30. Qd4 Rd8 31. Rd1 g6 32. Be2 Rc8 33. Bd3 Bb4 34. Qxd5 Rd8 35. Qd4 Rxd4 0-1

[Event "Remote S7E Starter-52 email"]
[Site "Remote email"]
[Date "2014.01.05"]
[Round "?"]
[White "Phillipps, Siegfried"]
[Black "Hahner, Anton"]
[Result "1-0"]
[WhiteElo "2122"]
[BlackElo "2110"]
[PlyCount "101"]
[EventDate "2014.??.??"]
[EventType "tourn (corr)"]
[EventRounds "6"]
[EventCountry "GER"]
[SourceTitle "Corr 2015"]
[Source "ChessBase"]
[SourceDate "2015.07.17"]
[SourceVersion "1"]
[SourceVersionDate "2015.07.17"]
[SourceQuality "1"]

1. c4 e5 2. Nc3 Nf6 3. Nf3 Nc6 4. e3 Bb4 5. Qe2 Bxc3 6. dxc3 e4 7. Nd4 Ne5 8. Qd1 0-0 9. Be2 d6 10. 0-0 Qe7 11. Qd2 Re8 12. Qc2 Rd8 13. Bd2 Bd7 14. Rad1 Re8 15. f4 exf3 16. gxf3 c5 17. Nf5 Bxf5 18. Qxf5 Rad8 19. e4 Qc7 20. Kh1 Ng6 21. Rg1 Kh8 22. Bg5 Re6 23. Bd3 Qb6 24. Qh3 Rde8 25. Rd2 Qa6 26. b3 Qb6 27. Bf1 Qa5 28. Rc2 Kg8 29. f4 Nxe4 30. f5 Nxg5 31. Rxg5 Re3 32. Qg2 Qc7 33. fxg6 hxg6 34. Qf2 Qc6+ 35. Kg1 Qe4 36. Rg3 Re1 37. Rd2 Re6 38. Rf3 b6 39. Rxf7 Qg4+ 40. Kh1 Qe4+ 41. Rf3 Rf6 42. Rdd3 Ra1 43. Kg1 Qg4+ 44. Qg3 Rxf3 45. Rxf3 Qxg3+ 46. Rxg3 Rxa2 47. Rxg6 Ra3 48. b4 Rxc3 49. b5 Re3 50. Rxd6 Re7 51. Bg2 1-0

[Event "Remote S7E Starter-52 email"]
[Site "Remote email"]
[Date "2014.01.05"]
[Round "?"]
[White "Phillipps, Siegfried"]
[Black "Kahl, Karl Heinz"]
[Result "1-0"]
[WhiteElo "2122"]
[BlackElo "2129"]
[PlyCount "85"]
[EventDate "2014.??.??"]
[EventType "tourn (corr)"]
[EventRounds "6"]
[EventCountry "GER"]
[SourceTitle "Corr 2015"]
[Source "ChessBase"]
[SourceDate "2015.07.17"]
[SourceVersion "1"]
[SourceVersionDate "2015.07.17"]
[SourceQuality "1"]

1. e4 c5 2. Nf3 Nc6 3. d4 cxd4 4. Nxd4 Nf6 5. Nc3 d6 6. Bg5 e6 7. Qd2 a6 8. 0-0-0 h6 9. Be3 Bd7 10. f3 b5 11. Kb1 Ne5 12. f4 b4 13. fxe5 bxc3 14. Qxc3 Nxe4 15. Qe1 d5 16. Bd3 Nc5 17. Rf1 Nxd3 18. Rxd3 Ba4 19. Bd2 Rb8 20. b3 Rb7 21. Ba5 Qb8 22. Qf2 Bb5 23. Nxb5 axb5 24. Rc3 h5 25. Rc6 b4 26. Qf3 Kd7 27. Ra6 Ke8 28. c4 bxc3 29. Qxc3 Be7 30. Rc6 Kd7 31. Rxf7 Rf8 32. Rxg7 Rf1+ 33. Kc2 Rf2+ 34. Kd3 Rxb3 35. axb3 Qb5+ 36. Kd4 Rf4+ 37. Ke3 Re4+ 38. Kd2 Qe2+ 39. Kc1 Qf1+ 40. Kb2 Re2+ 41. Qc2 Rxc2+ 42. Rxc2 Qf5 43. Rc7+ 1-0

[Event "Remote email"]
[Site "Remote email"]
[Date "2013.12.20"]
[Round "?"]
[White "Spieler, Freakie"]
[Black "Phillipps, Siegfried"]
[Result "0-1"]
[WhiteElo "2217"]
[BlackElo "2122"]
[PlyCount "88"]
[EventDate "2013.??.??"]
[EventType "tourn (corr)"]
[EventRounds "6"]
[EventCountry "GER"]
[SourceTitle "Corr 2015"]
[Source "ChessBase"]
[SourceDate "2015.07.17"]
[SourceVersion "1"]
[SourceVersionDate "2015.07.17"]
[SourceQuality "1"]

1. d4 d5 2. c4 c6 3. e3 Nf6 4. Nc3 e6 5. Nf3 Nbd7 6. Bd3 dxc4 7. Bxc4 Bd6 8. 0-0 0-0 9. Qc2 b5 10. Bd3 Bb7 11. Bd2 b4 12. Na4 c5 13. dxc5 Rc8 14. Bxb4 Bxf3 15. gxf3 Nd5 16. Qd2 Qg5+ 17. Kh1 Qh5 18. cxd6 Ne5 19. Be2 Nxf3 20. Bxf3 Qxf3+ 21. Kg1 Rc4 22. Rfe1 Rxb4 23. Nc3 Rg4+ 24. Kf1 Rg2 25. Qe2 Qh3 26. Rec1 Nxe3+ 27. Ke1 Ng4 28. Nd1 Qh6 29. Qe4 Qxh2 30. Qd4 Rd8 31. Ke2 h6 32. Rc4 Ne5 33. Rc5 Qh5+ 34. Ke3 Ng4+ 35. Kd3 Nxf2+ 36. Nxf2 Qf3+ 37. Kc4 Rxf2 38. b4 Rc2+ 39. Kb5 e5 40. Qxe5 Qd3+ 41. Ka4 Rxc5 42. Qxc5 Rxd6 43. Qc8+ Kh7 44. Rc1 Ra6+ 0-1

[Event "Remote email"]
[Site "Remote email"]
[Date "2013.12.15"]
[Round "?"]
[White "Vorobyev, Viktor Dmitrievich"]
[Black "Phillipps, Siegfried"]
[Result "0-1"]
[WhiteElo "2000"]
[BlackElo "2122"]
[PlyCount "54"]
[EventDate "2013.??.??"]
[EventType "tourn (corr)"]
[EventRounds "6"]
[EventCountry "GER"]
[SourceTitle "Corr 2015"]
[Source "ChessBase"]
[SourceDate "2015.07.17"]
[SourceVersion "1"]
[SourceVersionDate "2015.07.17"]
[SourceQuality "1"]

1. d4 d5 2. c4 c6 3. Nc3 Nf6 4. Bg5 dxc4 5. e4 b5 6. a4 b4 7. Bxf6 bxc3 8. bxc3 exf6 9. Bxc4 Bf5 10. exf5 Bd6 11. Ne2 0-0 12. 0-0 Qa5 13. d5 Rd8 14. Qb3 c5 15. Bb5 a6 16. Bd3 Nd7 17. f4 Rab8 18. Qc4 Nb6 19. Qxa6 Qxa6 20. Bxa6 Nxd5 21. c4 Ne3 22. Rfb1 Rb4 23. Rxb4 cxb4 24. Nd4 Bc5 25. Nb3 Nc2+ 26. Nxc5 Nxa1 27. Bb5 b3 0-1

[Event "DESC T0028 email"]
[Site "DESC email"]
[Date "2001.03.15"]
[Round "?"]
[White "Phillipps, Siegfried"]
[Black "Blankenberg, Bruno"]
[Result "0-1"]
[WhiteElo "1200"]
[BlackElo "2039"]
[PlyCount "36"]
[EventDate "2001.??.??"]
[EventType "tourn (corr)"]
[EventRounds "8"]
[EventCountry "GER"]
[SourceTitle "Corr 2008"]
[Source "ChessBase"]
[SourceDate "2008.06.24"]
[SourceVersion "1"]
[SourceVersionDate "2008.06.24"]
[SourceQuality "1"]

1. d4 d5 2. e4 dxe4 3. Nc3 Nf6 4. f3 exf3 5. Nxf3 Bf5 6. Bd3 Bxd3 7. Qxd3 c6 8. 0-0 e6 9. Bf4 Nbd7 10. a3 Be7 11. Rae1 Qb6 12. b4 a5 13. b5 0-0 14. Nd2 Nd5 15. Nxd5 cxd5 16. a4 Bf6 17. c3 Rac8 18. Kh1 Rfe8 0-1

[Event "DESC T0028 email"]
[Site "DESC email"]
[Date "2001.03.15"]
[Round "?"]
[White "Phillipps, Siegfried"]
[Black "Rennert, Ralf"]
[Result "0-1"]
[WhiteElo "1200"]
[BlackElo "1200"]
[PlyCount "24"]
[EventDate "2001.??.??"]
[EventType "tourn (corr)"]
[EventRounds "8"]
[EventCountry "GER"]
[SourceTitle "Corr 2004"]
[Source "ChessBase"]
[SourceDate "2003.04.28"]
[SourceVersion "3"]
[SourceVersionDate "2003.04.28"]
[SourceQuality "1"]

1. d4 d5 2. e4 dxe4 3. Nc3 Nf6 4. f3 Bf5 5. g4 Bg6 6. g5 Nd5 7. Nxe4 Nc6 8. Bb5 e6 9. Ne2 Qd7 10. c4 Nb6 11. c5 Nd5 12. h4 a6 0-1

[Event "DESC SE032 email"]
[Site "DESC email"]
[Date "2001.02.28"]
[Round "?"]
[White "Phillipps, Siegfried"]
[Black "Dietrich, Udo"]
[Result "0-1"]
[WhiteElo "1200"]
[BlackElo "2158"]
[PlyCount "32"]
[EventDate "2001.??.??"]
[EventType "tourn (corr)"]
[EventRounds "6"]
[EventCountry "GER"]
[SourceTitle "Corr 2008"]
[Source "ChessBase"]
[SourceDate "2008.06.24"]
[SourceVersion "1"]
[SourceVersionDate "2008.06.24"]
[SourceQuality "1"]

1. d4 Nf6 2. c4 g6 3. Nc3 Bg7 4. e4 d6 5. Nf3 0-0 6. Be2 e5 7. 0-0 Nc6 8. d5 Ne7 9. Re1 a5 10. Bd3 Nd7 11. Be3 f5 12. exf5 Nxf5 13. Bg5 Ne7 14. Bc2 Nf6 15. h3 h6 16. Bd2 g5 0-1